Statistics for Political Party by Country

Click here to take the quiz!

General Stats

  • This quiz has been taken 20 times
  • The average score is 13 of 18

Answer Stats

HintAnswer% Correct
GOP / Republican partyUnited States
100%
Bharatiya Janata Party - _____n People's PartyIndia
95%
Prawo i Sprawiedliwość - Law and JusticePoland
95%
Die Linke - The LeftGermany
90%
조선로동당- Worker's Party of _____North Korea
90%
Коммунистическая Партия ______ Федерации - Communist party of the ______n FederationRussia
90%
Sinn Fein - Ourselves Alone (main branch)Ireland
85%
Sozialdemokratische Partei ____s - _____ social democratic partyAustria
80%
Movimento Cinque Stelle - Five star movementItaly
80%
Partido Justicialista - Justicialist PartyArgentina
70%
Partai Demokrasi _____ Perjuangan - ________n Democratic Party of StruggleIndonesia
70%
Partido Revolucionario Institucional - Institutional Revolutionary PartyMexico
70%
South West African People's Organization (SWAPO)Namibia
65%
Partidul Național Liberal - National Liberal PartyRomania
60%
People's Action PartySingapore
45%
Cumhuriyet Halk Partisi - Republican People's PartyTurkey
45%
Parti ____lais du travail- ____ese party of labourRepublic of the Congo
35%
Partido Demokratiko ______-Lakas ng Bayan - ________ Democratic Party - People's PowerPhilipines
5%

Score Distribution

Percentile by Number Answered

Percent of People with Each Score

Your Score History

You have not taken this quiz